40 let Příbramského dětského sboru /

Hlavní autor: Polák, Stanislav, 1936-2017
Jazyk: Čeština
Vydáno: Příbram : Okresní archiv, 1979
Externí odkaz: Digitalizovaný dokument
Fyzický popis: 67 s.
Knihy
Uloženo v:
LEADER 01000nam a22002772a 4500
001 001163135
003 CZ BrMZK
005 20120203134031.0
007 ta
008 110811s1979 xr er|||||||||||cze d
015 |a cnb000406141 
035 |a (OCoLC)42165405 
040 |a BOA001  |b cze 
080 9 |a 78.087.681 (437.126) 
100 1 |a Polák, Stanislav,  |d 1936-2017  |7 jn20000710482  |4 aut 
245 1 0 |a 40 let Příbramského dětského sboru /  |c Stanislav Polák 
246 3 |a Čtyřicet let Příbramského dětského sboru 
260 |a Příbram :  |b Okresní archiv,  |c 1979 
300 |a 67 s. 
504 |a Obsahuje bibliografii 
500 |a Dostupné též v digitální podobě v aplikaci Kramerius 
856 4 1 |u http://www.digitalniknihovna.cz/mzk/uuid/uuid:3a0decf0-ec9a-11e8-bc37-005056827e51  |y Digitalizovaný dokument  |x NDK 
910 |a BOA001  |b 2-0803.027 
990 |a BK 
991 |b 201108 
996 6 |b 2619433401  |c 2-0803.027  |l MZK  |r Sklad / do 1 hodiny  |n 0  |w 001196394  |u 000010  |a 1  |e BOA001  |j MZK50  |s P